000 00255nam a22001097a 4500
008 170124b xxu||||| |||| 00| 0 eng d
020 _a9780815119920
041 _aeng
080 _22ND
_a618.2
245 _aTHE MEDICAL INTERVIEW
_cCOLE,S.A
942 _2udc
_cBK
999 _c3492
_d3492